000
00283nam a22001097a 4500
008
170126b xxu||||| |||| 00| 0 eng d
020
_a
9780838536889
041
_a
eng
080
_2
7TH
_a
61
245
_a
HEALTH PROMOTION STRATEGIES THROUGH THE LIFE SPAN
_c
MURRAY, R.B
942
_2
udc
_c
BK
999
_c
3779
_d
3779